000 00332 a2200121 4500
001 ART_46672
005 20260410162039.0
008 260409a
245 1 0 _a¿Más o menos desiguales?
100 1 _aAmarante, Verónica
700 1 _aColacce, Maira
773 0 _tRevista Cepal
_g- Nº 124 (abr. 2018)
_wREV45125
999 _c34752
_d34752